Countries Least Similar To India - Statistics

General Stats
  • This quiz has been taken 43 times
  • The average score is 12 of 20
Answer Stats
Rank Country Score % Correct
2 United States 42.4
86%
15 United Kingdom 47.5
83%
3 Canada 43.1
81%
4 Finland 43.4
75%
1 Iceland 41.6
69%
6 Norway 43.8
69%
8 Sweden 45.4
69%
12 Netherlands 46.7
64%
16 Australia 47.8
61%
14 Belgium 47.2
61%
10 Denmark 46.3
61%
19 France 48.1
61%
7 New Zealand 45.1
58%
9 Luxembourg 45.9
53%
5 Switzerland 43.6
53%
11 South Korea 46.5
44%
12 Austria 46.7
42%
17 Estonia 48.0
42%
17 Bahamas 48.0
19%
19 Taiwan 48.1
14%
No matching quizzes found
Score Distribution
Percent of People with Each Score
Percentile by Number Answered
Your Score History
You have not taken this quiz